| 000 | 02507nam0a2200349 4500 | ||
|---|---|---|---|
| 001 | RU\NLR\BIBL_A\022017260 | ||
| 005 | 20231009182844.0 | ||
| 010 |
_a978-5-7883-1932-2 _927 |
||
| 021 |
_aRU _bКН-П-23-048301 _9КН-П-23-4836 |
||
| 035 | _a(NLR Aleph) 022017260 | ||
| 035 | _a(RuMoRGB)011961337 | ||
| 090 |
_a12501335 _c12501335 |
||
| 100 | _a20230901d2023 u y0rusy50 ca | ||
| 101 | 0 | _arus | |
| 102 | _aRU | ||
| 105 | _aа j 000zy | ||
| 181 | 0 |
_ai _baxxe |
|
| 182 | 0 | _an | |
| 200 | 1 |
_aОсновы статистической теории распознавания образов и машинного обучения _eпрактикум для обучающихся по основной образовательной программе высшего образования по направлению подготовки 10.05.03 Информационная безопасность автоматизированных систем _fВ. В. Мясников _gМинистерство науки и высшего образования Российской Федерации, Федеральное государственное автономное образовательное учреждение высшего образования "Самарский национальный исследовательский университет имени академика С. П. Королева" (Самарский университет) |
|
| 203 |
_aТекст _bвизуальный _cнепосредственный |
||
| 210 |
_aСамара _cСамарский университет _d2023 |
||
| 215 |
_a123 с. _cил. _d20 |
||
| 320 | _aБиблиогр.: с. 122-123 (22 назв.) | ||
| 606 | 1 |
_aМашинное обучение _jУчебные издания для высших учебных заведений _xСтатистические методы _xЛабораторная практика _92567000 _3RU\NLR\AUTH\6601730005 |
|
| 606 | 1 |
_aРаспознавание образов _jУчебные издания для высших учебных заведений _xСтатистические методы _xЛабораторная практика _92567002 _3RU\NLR\AUTH\6601730006 |
|
| 686 | 1 | _aЗ973.235-01с114я73-5 | |
| 686 | 1 | _aЗ973.2-018я73-5 | |
| 700 | 1 |
_aМясников _bВ. В. _gВладислав Валерьевич |
|
| 942 | _cBOOK | ||
| 980 | _aNB | ||